Online Catalogue and eLibrary

Selected writings (Record no. 3413)

MARC details
000 -LEADER
fixed length control field 00425nam a2200181Ia 4500
005 - DATE AND TIME OF LATEST TRANSACTION
control field 20241220065209.0
008 - FIXED-LENGTH DATA ELEMENTS--GENERAL INFORMATION
fixed length control field 240331s9999 xx 000 0 und d
020 ## - INTERNATIONAL STANDARD BOOK NUMBER
ISBN 13910590
082 ## - DDC Classification
Item Number - Author Mark FOB
Class No. 828
100 ## - MAIN ENTRY--PERSONAL NAME
Personal name Forbes,D
245 #0 - TITLE STATEMENT
Title Selected writings
260 ## - PUBLICATION, DISTRIBUTION, ETC.
Place of publication, distribution, etc. Colombo
Name of publisher, distributor, etc. Centre for Society & Religion
Date of publication, distribution, etc. 2002
300 ## - PHYSICAL DESCRIPTION
Extent (e.g. Volumes, Pages etc.) iii, 124 p .,
650 ## - SUBJECT ADDED ENTRY--TOPICAL TERM
Topical term or geographic name entry element History
650 ## - SUBJECT ADDED ENTRY--TOPICAL TERM
Topical term or geographic name entry element Nation
650 ## - SUBJECT ADDED ENTRY--TOPICAL TERM
Topical term or geographic name entry element Religion
942 ## - Koha item type (Biblio)
Koha item type Books in Stacks (Lending)
Holdings
Lost status Damaged status Collection code Home library Current library Shelving location Date acquired Full call number Accession Number Item type
    Lending WERC Library WERC Library Social Science Cupboard 03/31/2024 828 FOB 5531 Books in Stacks (Lending)

© WERC Library